[Event "LSS No Engine Cup 198 Preliminary 0"]
[Site "LSS email"]
[Date "2020.02.02"]
[Round "?"]
[White "Vergara Rodriguez, Jose Antonio"]
[Black "Kubat, Slavko"]
[Result "0-1"]
[WhiteElo "1805"]
[BlackElo "1710"]
[PlyCount "26"]
[EventDate "2020.02.02"]
[EventType "tourn (corr)"]
[EventRounds "6"]
[EventCountry "GER"]
[SourceTitle "Corr 2022"]
[Source "ChessBase"]
[SourceDate "2021.10.24"]
[SourceVersion "1"]
[SourceVersionDate "2021.10.24"]
[SourceQuality "1"]

1. e4 e5 2. Nf3 Nc6 3. Bc4 Bc5 4. c3 Nf6 5. d3 d6 6. 0-0 0-0 7. Bb3 a6 8. Nbd2 Ba7 9. Re1 Nh5 10. Nf1 Qf6 11. Ng3 Bg4 12. h3 Bxf3 13. Qxf3 Qxf3 0-1

[Event "LSS No Engine Cup 197 Preliminary 0"]
[Site "LSS email"]
[Date "2020.01.19"]
[Round "?"]
[White "Kuttner, Jaromir"]
[Black "Vergara Rodriguez, Jose Antonio"]
[Result "0-1"]
[WhiteElo "1097"]
[BlackElo "1805"]
[PlyCount "24"]
[EventDate "2020.01.19"]
[EventType "tourn (corr)"]
[EventRounds "6"]
[EventCountry "GER"]
[SourceTitle "Corr 2022"]
[Source "ChessBase"]
[SourceDate "2021.10.24"]
[SourceVersion "1"]
[SourceVersionDate "2021.10.24"]
[SourceQuality "1"]

1. e4 c5 2. Nf3 Nc6 3. d4 cxd4 4. Bc4 e5 5. Ng5 Nh6 6. c3 f6 7. Nxh7 Rxh7 8. Qh5+ Ke7 9. Bxh6 gxh6 10. Bg8 Rg7 11. Bd5 d6 12. Qxh6 Be6 0-1

[Event "LSS No Engine Cup 197 Preliminary 0"]
[Site "LSS email"]
[Date "2020.01.19"]
[Round "?"]
[White "Vergara Rodriguez, Jose Antonio"]
[Black "Koudelka, Frantisek"]
[Result "1-0"]
[WhiteElo "1805"]
[BlackElo "1600"]
[PlyCount "29"]
[EventDate "2020.01.19"]
[EventType "tourn (corr)"]
[EventRounds "6"]
[EventCountry "GER"]
[SourceTitle "Corr 2022"]
[Source "ChessBase"]
[SourceDate "2021.10.24"]
[SourceVersion "1"]
[SourceVersionDate "2021.10.24"]
[SourceQuality "1"]

1. e4 e5 2. Nf3 Nc6 3. Bc4 Bc5 4. c3 Nf6 5. d3 0-0 6. b4 Bb6 7. a4 a5 8. b5 Ne7 9. Nxe5 d6 10. Nf3 d5 11. exd5 Nfxd5 12. 0-0 Ng6 13. Qb3 Ngf4 14. Bxf4 Nxf4 15. Ne5 1-0

[Event "SB-2019-0-00587"]
[Site "LSS email"]
[Date "2019.12.20"]
[Round "?"]
[White "Vergara Rodriguez, Jose Antonio"]
[Black "Sundqvist, Christer"]
[Result "0-1"]
[WhiteElo "1956"]
[BlackElo "2095"]
[PlyCount "34"]
[EventDate "2019.10.29"]
[EventType "tourn (corr)"]
[EventRounds "6"]
[EventCountry "GER"]
[SourceTitle "Corr 2022"]
[Source "ChessBase"]
[SourceDate "2021.10.24"]
[SourceVersion "1"]
[SourceVersionDate "2021.10.24"]
[SourceQuality "1"]

1. e4 c5 2. Nf3 d6 3. d4 cxd4 4. Nxd4 Nf6 5. Nc3 g6 6. Be3 Bg7 7. Bc4 0-0 8. f3 Nc6 9. Qd2 Bd7 10. 0-0-0 Rb8 11. g4 b5 12. Ndxb5 Ne5 13. Be2 Bxb5 14. Nxb5 Nxf3 15. Bxf3 Rxb5 16. Bxa7 Nxe4 17. Bd4 Nxd2 0-1

[Event "SB-2019-0-00587"]
[Site "LSS email"]
[Date "2019.12.18"]
[Round "?"]
[White "Knoeppel, Bjoern"]
[Black "Vergara Rodriguez, Jose Antonio"]
[Result "1-0"]
[WhiteElo "1911"]
[BlackElo "1956"]
[PlyCount "29"]
[EventDate "2019.10.29"]
[EventType "tourn (corr)"]
[EventRounds "6"]
[EventCountry "GER"]
[SourceTitle "Corr 2022"]
[Source "ChessBase"]
[SourceDate "2021.10.24"]
[SourceVersion "1"]
[SourceVersionDate "2021.10.24"]
[SourceQuality "1"]

1. e4 c5 2. c3 Nc6 3. d4 cxd4 4. cxd4 d6 5. Nc3 g6 6. Nf3 Bg7 7. h3 Nf6 8. Be3 0-0 9. Be2 a6 10. 0-0 Qc7 11. Rc1 e5 12. d5 Ne7 13. Na4 Qa5 14. Nb6 Rb8 15. Nd2 1-0

[Event "SB-2019-0-00586"]
[Site "LSS email"]
[Date "2019.12.16"]
[Round "?"]
[White "Ilyin, Igor"]
[Black "Vergara Rodriguez, Jose Antonio"]
[Result "1-0"]
[WhiteElo "1987"]
[BlackElo "1956"]
[PlyCount "35"]
[EventDate "2019.10.08"]
[EventType "tourn (corr)"]
[EventRounds "6"]
[EventCountry "GER"]
[SourceTitle "Corr 2022"]
[Source "ChessBase"]
[SourceDate "2021.10.24"]
[SourceVersion "1"]
[SourceVersionDate "2021.10.24"]
[SourceQuality "1"]

1. e4 c5 2. Nc3 Nc6 3. g3 d6 4. Bg2 e5 5. d3 Nf6 6. Nge2 a6 7. f4 g6 8. 0-0 Bg7 9. f5 0-0 10. Bg5 h6 11. Bxf6 Bxf6 12. Nd5 Nd4 13. Nxf6+ Qxf6 14. Nc3 Qg5 15. Nd5 gxf5 16. c3 Nc6 17. Nb6 f4 18. Nxa8 1-0

[Event "OP-2019-0-04890"]
[Site "LSS email"]
[Date "2019.12.12"]
[Round "?"]
[White "Vergara Rodriguez, Jose Antonio"]
[Black "Caviglia, Maximiliano"]
[Result "0-1"]
[WhiteElo "1956"]
[BlackElo "1190"]
[PlyCount "48"]
[EventDate "2019.12.07"]
[EventType "tourn (corr)"]
[EventRounds "4"]
[EventCountry "GER"]
[SourceTitle "Corr 2022"]
[Source "ChessBase"]
[SourceDate "2021.10.24"]
[SourceVersion "1"]
[SourceVersionDate "2021.10.24"]
[SourceQuality "1"]

1. e4 c5 2. Nf3 Nc6 3. d4 cxd4 4. Nxd4 Nf6 5. Nc3 e6 6. Ndb5 d6 7. Bf4 e5 8. Bg5 a6 9. Na3 Be7 10. Qd2 b5 11. Bxf6 Bxf6 12. Nd5 0-0 13. 0-0-0 Be6 14. Nxf6+ Qxf6 15. Kb1 Rfd8 16. f3 d5 17. Bd3 dxe4 18. fxe4 b4 19. Rhf1 Qe7 20. Qf2 bxa3 21. b3 Nb4 22. h3 Nxd3 23. Rxd3 Rxd3 24. cxd3 Qb4 0-1

[Event "OP-2019-0-04889"]
[Site "LSS email"]
[Date "2019.12.12"]
[Round "?"]
[White "Vergara Rodriguez, Jose Antonio"]
[Black "Lonyuk, Bohdan"]
[Result "0-1"]
[WhiteElo "1956"]
[BlackElo "1240"]
[PlyCount "70"]
[EventDate "2019.12.03"]
[EventType "tourn (corr)"]
[EventRounds "4"]
[EventCountry "GER"]
[SourceTitle "Corr 2022"]
[Source "ChessBase"]
[SourceDate "2021.10.24"]
[SourceVersion "1"]
[SourceVersionDate "2021.10.24"]
[SourceQuality "1"]

1. e4 g6 2. d4 d6 3. Nc3 a6 4. f4 b5 5. b4 a5 6. bxa5 b4 7. Nd5 e6 8. Nxb4 d5 9. Bb5+ Bd7 10. Bxd7+ Qxd7 11. Bd2 dxe4 12. c4 Qxd4 13. Ne2 Qxc4 14. Qa4+ Nc6 15. Qxc6+ Qxc6 16. Nxc6 Bg7 17. Rb1 Ne7 18. Nxe7 Kxe7 19. 0-0 Rhd8 20. Bc3 Bxc3 21. Nxc3 Rxa5 22. Rfd1 Rxd1+ 23. Rxd1 f5 24. Kf2 Rc5 25. Ne2 Ra5 26. Rd2 c5 27. h3 Ra3 28. Nc1 e3+ 29. Ke2 exd2 30. Kxd2 c4 31. Ke2 e5 32. fxe5 Ke6 33. g4 fxg4 34. hxg4 Kxe5 35. Kd2 Ke4 0-1

[Event "RB-2019-0-00382"]
[Site "LSS email"]
[Date "2019.12.10"]
[Round "?"]
[White "Wittal, Werner"]
[Black "Vergara Rodriguez, Jose Antonio"]
[Result "1-0"]
[WhiteElo "1884"]
[BlackElo "1956"]
[PlyCount "63"]
[EventDate "2019.10.19"]
[EventType "tourn (corr)"]
[EventRounds "6"]
[EventCountry "GER"]
[SourceTitle "Corr 2022"]
[Source "ChessBase"]
[SourceDate "2021.10.24"]
[SourceVersion "1"]
[SourceVersionDate "2021.10.24"]
[SourceQuality "1"]

1. d4 Nf6 2. c4 g6 3. Nc3 d6 4. e4 Bg7 5. f3 0-0 6. Be3 c6 7. Qd2 e5 8. Nge2 Nbd7 9. d5 cxd5 10. cxd5 Nb6 11. Ng3 h5 12. Bd3 h4 13. Nge2 Nfd7 14. b3 Nc5 15. Bc2 Bd7 16. 0-0 h3 17. g4 f5 18. gxf5 gxf5 19. exf5 Bxf5 20. Bxf5 Rxf5 21. Ng3 Rf7 22. Nce4 Nxe4 23. fxe4 Qd7 24. Nf5 Raf8 25. Bxb6 axb6 26. Qg5 Kh7 27. Rf3 Rf6 28. Kh1 Qf7 29. Rxh3+ Kg8 30. Qh4 Bh6 31. Nxh6+ Rxh6 32. Rg1+ 1-0

[Event "OP-2016-0-04186"]
[Site "LSS email"]
[Date "2016.10.19"]
[Round "?"]
[White "Vergara Rodriguez, Jose Antonio"]
[Black "Laureles, Raymundo"]
[Result "1-0"]
[WhiteElo "1961"]
[BlackElo "1133"]
[PlyCount "53"]
[EventDate "2016.10.14"]
[EventType "tourn (corr)"]
[EventRounds "4"]
[EventCountry "GER"]
[SourceTitle "Corr 2022"]
[Source "ChessBase"]
[SourceDate "2021.10.24"]
[SourceVersion "1"]
[SourceVersionDate "2021.10.24"]
[SourceQuality "1"]

1. e4 e6 2. d4 d5 3. Nc3 Bb4 4. exd5 exd5 5. Bd3 Nf6 6. Nge2 0-0 7. 0-0 c5 8. dxc5 Bxc5 9. Bg5 Be6 10. Nf4 h6 11. Bxf6 Qxf6 12. Nfxd5 Qg5 13. Nc7 Bh3 14. Qf3 Bg4 15. Qe4 f5 16. Qd5+ Kh8 17. Nxa8 Nc6 18. Qxc5 Rxa8 19. f3 Bh3 20. Rf2 Re8 21. Kh1 Re5 22. Qf8+ Kh7 23. gxh3 Nd4 24. Rg1 Qf6 25. Qxf6 gxf6 26. Rfg2 Nxf3 27. Rg7+ 1-0

[Event "OP-2016-0-04174"]
[Site "LSS email"]
[Date "2016.10.03"]
[Round "?"]
[White "Kovacs, Arthur"]
[Black "Vergara Rodriguez, Jose Antonio"]
[Result "1-0"]
[WhiteElo "2452"]
[BlackElo "1945"]
[PlyCount "115"]
[EventDate "2016.09.28"]
[EventType "tourn (corr)"]
[EventRounds "4"]
[EventCountry "GER"]
[SourceTitle "Corr 2022"]
[Source "ChessBase"]
[SourceDate "2021.10.24"]
[SourceVersion "1"]
[SourceVersionDate "2021.10.24"]
[SourceQuality "1"]

1. d4 Nf6 2. c4 d6 3. Nf3 g6 4. Nc3 Bg7 5. e4 0-0 6. Be2 e5 7. 0-0 Nc6 8. d5 Ne7 9. Ne1 Nd7 10. Be3 f5 11. f3 f4 12. Bf2 g5 13. Rc1 Ng6 14. Nb5 b6 15. b4 a6 16. Nc3 h5 17. c5 Nf6 18. cxb6 cxb6 19. Na4 b5 20. Nb6 Rb8 21. Nxc8 Rxc8 22. a4 g4 23. axb5 axb5 24. Rc6 Rxc6 25. dxc6 g3 26. hxg3 fxg3 27. Bxg3 Qb6+ 28. Bf2 Qxc6 29. Qb3+ Kh7 30. Nd3 d5 31. exd5 Qxd5 32. Qc2 e4 33. Nc5 Nf4 34. Bxb5 Kh8 35. Bg3 Qd4+ 36. Kh1 exf3 37. Rxf3 Qxb4 38. Bf1 N4d5 39. Ne6 Re8 40. Nxg7 Kxg7 41. Qc1 Qg4 42. Bd3 h4 43. Bf5 Qh5 44. Bf2 Re5 45. Bh3 Qh6 46. Qc2 Qg5 47. Qb2 Ne3 48. Qd4 Neg4 49. Bxg4 Nxg4 50. Be1 Kg8 51. Qc4+ Kh7 52. Qd3+ Kg8 53. Bd2 Qe7 54. Qg6+ Qg7 55. Qc6 Re7 56. Bc3 Qg5 57. Qc4+ Kh7 58. Rf4 1-0

[Event "CP-2016-P-00019"]
[Site "LSS email"]
[Date "2016.09.27"]
[Round "?"]
[White "Stefanski, Robert"]
[Black "Vergara Rodriguez, Jose Antonio"]
[Result "0-1"]
[WhiteElo "1493"]
[BlackElo "1948"]
[PlyCount "24"]
[EventDate "2016.10.01"]
[EventType "tourn (corr)"]
[EventRounds "6"]
[EventCountry "GER"]
[SourceTitle "Corr 2022"]
[Source "ChessBase"]
[SourceDate "2021.10.24"]
[SourceVersion "1"]
[SourceVersionDate "2021.10.24"]
[SourceQuality "1"]

1. d4 Nf6 2. Nf3 g6 3. c4 d6 4. e3 Bg7 5. Bd3 0-0 6. 0-0 Nbd7 7. Nc3 e5 8. Qc2 Re8 9. Bd2 Qe7 10. b4 e4 11. Bxe4 Nxe4 12. Nd5 Qd8 0-1

[Event "LSS No Engine Cup 150 Final"]
[Site "LSS email"]
[Date "2016.09.18"]
[Round "?"]
[White "Vergara Rodriguez, Jose Antonio"]
[Black "Sabbatini, Giuseppe"]
[Result "1/2-1/2"]
[WhiteElo "1955"]
[BlackElo "2132"]
[PlyCount "109"]
[EventDate "2016.09.19"]
[EventType "tourn (corr)"]
[EventRounds "6"]
[EventCountry "GER"]
[SourceTitle "Corr 2022"]
[Source "ChessBase"]
[SourceDate "2021.10.24"]
[SourceVersion "1"]
[SourceVersionDate "2021.10.24"]
[SourceQuality "1"]

1. e4 e5 2. Nf3 Nc6 3. Bc4 Bc5 4. c3 Nf6 5. d3 d6 6. 0-0 a5 7. Bg5 h6 8. Bh4 0-0 9. Nbd2 Rb8 10. a4 Be6 11. Bxe6 fxe6 12. Qb3 Qd7 13. Bxf6 Rxf6 14. Nc4 Qf7 15. Rad1 Rxf3 16. gxf3 Qxf3 17. Nd2 Qf7 18. Kg2 Ne7 19. f3 Ng6 20. Qc2 Nf4+ 21. Kh1 Qf6 22. Nb3 Bb6 23. d4 exd4 24. Nxd4 Rf8 25. Ne2 Nh3 26. Nc1 e5 27. Nd3 Qe6 28. Qg2 h5 29. b4 Kh7 30. Rb1 axb4 31. cxb4 Bd4 32. a5 c6 33. b5 c5 34. a6 c4 35. Qa2 bxa6 36. bxa6 Re8 37. Nb4 Ra8 38. Nd5 c3 39. Qg2 Nf4 40. Nxf4 exf4 41. Qg5 c2 42. Qxh5+ Qh6 43. Qxh6+ Kxh6 44. Rbc1 Rc8 45. Rfe1 Bb2 46. a7 Bxc1 47. Rxc1 Ra8 48. Rxc2 Rxa7 49. Rc6 Ra3 50. Rxd6+ Kh5 51. Kg2 Ra2+ 52. Kh3 Ra3 53. Kg2 Ra2+ 54. Kh3 Ra3 55. Kg2 1/2-1/2

[Event "LSS No Engine Cup 150 Final"]
[Site "LSS email"]
[Date "2016.09.18"]
[Round "?"]
[White "Vergara Rodriguez, Jose Antonio"]
[Black "Schubert, Steffen"]
[Result "1/2-1/2"]
[WhiteElo "1955"]
[BlackElo "2192"]
[PlyCount "30"]
[EventDate "2016.09.19"]
[EventType "tourn (corr)"]
[EventRounds "6"]
[EventCountry "GER"]
[SourceTitle "Corr 2022"]
[Source "ChessBase"]
[SourceDate "2021.10.24"]
[SourceVersion "1"]
[SourceVersionDate "2021.10.24"]
[SourceQuality "1"]

1. e4 e5 2. Nf3 Nf6 3. d4 Nxe4 4. Bd3 d5 5. Nxe5 Nd7 6. Nxd7 Bxd7 7. 0-0 Bd6 8. Qh5 0-0 9. Qxd5 Bc6 10. Qh5 g6 11. Qh3 Ng5 12. Bxg5 Qxg5 13. Nc3 Qf4 14. Ne2 Qf6 15. c3 Rfe8 1/2-1/2

[Event "OP-2016-0-04148"]
[Site "LSS email"]
[Date "2016.09.05"]
[Round "?"]
[White "Pliska, Miroslav"]
[Black "Vergara Rodriguez, Jose Antonio"]
[Result "0-1"]
[WhiteElo "1174"]
[BlackElo "1933"]
[PlyCount "52"]
[EventDate "2016.08.31"]
[EventType "tourn (corr)"]
[EventRounds "4"]
[EventCountry "GER"]
[SourceTitle "Corr 2022"]
[Source "ChessBase"]
[SourceDate "2021.10.24"]
[SourceVersion "1"]
[SourceVersionDate "2021.10.24"]
[SourceQuality "1"]

1. f4 c5 2. Nf3 d5 3. e3 Nc6 4. Bb5 Bd7 5. b3 Nf6 6. Bb2 e6 7. 0-0 Be7 8. d3 0-0 9. Bxc6 Bxc6 10. Ne5 Be8 11. Rf3 d4 12. e4 Nh5 13. Ng4 f5 14. Ne5 fxe4 15. dxe4 Nxf4 16. Qf1 Bd6 17. Rxf4 Rxf4 18. Qxf4 Qc7 19. Qg4 Bxe5 20. Qxe6+ Bf7 21. Qg4 Bxh2+ 22. Kh1 Qf4 23. Qxf4 Bxf4 24. Na3 Re8 25. Re1 Bg3 26. Re2 Bh5 0-1

[Event "OP-2016-0-04148"]
[Site "LSS email"]
[Date "2016.09.05"]
[Round "?"]
[White "Vergara Rodriguez, Jose Antonio"]
[Black "Shuvaev, Dmitrij"]
[Result "1-0"]
[WhiteElo "1933"]
[BlackElo "800"]
[PlyCount "61"]
[EventDate "2016.08.31"]
[EventType "tourn (corr)"]
[EventRounds "4"]
[EventCountry "GER"]
[SourceTitle "Corr 2022"]
[Source "ChessBase"]
[SourceDate "2021.10.24"]
[SourceVersion "1"]
[SourceVersionDate "2021.10.24"]
[SourceQuality "1"]

1. e4 e5 2. Nf3 Nc6 3. Bc4 Bc5 4. c3 Nf6 5. d3 0-0 6. 0-0 d6 7. h3 Na5 8. b4 Nxc4 9. bxc5 Na5 10. cxd6 cxd6 11. c4 h6 12. Nc3 Be6 13. Be3 b6 14. Nd2 Nc6 15. f4 exf4 16. Bxf4 Qe7 17. Nd5 Bxd5 18. cxd5 Ne5 19. Nb3 Rfc8 20. Nd4 a5 21. Nf5 Qd8 22. Bxe5 dxe5 23. d4 exd4 24. Qxd4 b5 25. Nxh6+ Kf8 26. e5 Rc4 27. Qd3 Qb6+ 28. Kh2 gxh6 29. Rxf6 Qc5 30. Qf5 Rd8 31. Rxf7+ 1-0

[Event "OP-2016-0-04148"]
[Site "LSS email"]
[Date "2016.09.05"]
[Round "?"]
[White "Vergara Rodriguez, Jose Antonio"]
[Black "Vontina, Maria"]
[Result "1-0"]
[WhiteElo "1933"]
[BlackElo "766"]
[PlyCount "33"]
[EventDate "2016.08.31"]
[EventType "tourn (corr)"]
[EventRounds "4"]
[EventCountry "GER"]
[SourceTitle "Corr 2022"]
[Source "ChessBase"]
[SourceDate "2021.10.24"]
[SourceVersion "1"]
[SourceVersionDate "2021.10.24"]
[SourceQuality "1"]

1. e4 e6 2. d4 d5 3. Nc3 Bb4 4. exd5 exd5 5. Bd3 Nf6 6. Bg5 0-0 7. Nge2 c6 8. 0-0 Re8 9. Ng3 Bg4 10. Bxf6 Qxf6 11. Qxg4 Na6 12. Nh5 Qh6 13. Ne2 Nc7 14. Neg3 Bd6 15. Nf5 Qg6 16. Ne7+ Rxe7 17. Bxg6 1-0

[Event "OP-2016-0-04141"]
[Site "LSS email"]
[Date "2016.08.28"]
[Round "?"]
[White "Kolanek, Sylwia"]
[Black "Vergara Rodriguez, Jose Antonio"]
[Result "1/2-1/2"]
[WhiteElo "800"]
[BlackElo "1918"]
[PlyCount "75"]
[EventDate "2016.08.24"]
[EventType "tourn (corr)"]
[EventRounds "4"]
[EventCountry "GER"]
[SourceTitle "Corr 2022"]
[Source "ChessBase"]
[SourceDate "2021.10.24"]
[SourceVersion "1"]
[SourceVersionDate "2021.10.24"]
[SourceQuality "1"]

1. d4 Nf6 2. c4 d6 3. Nf3 g6 4. Nc3 Bg7 5. e4 0-0 6. Bg5 h6 7. Be3 e5 8. d5 Ng4 9. Bc1 f5 10. Be2 Nd7 11. 0-0 Nc5 12. Ne1 Nf6 13. exf5 Bxf5 14. Nc2 a5 15. Be3 Qe7 16. Rc1 b6 17. b3 h5 18. Bg5 Qd7 19. Nb5 Nfe4 20. Be3 Rae8 21. f3 Nf6 22. Qd2 Kh7 23. Rcd1 h4 24. Nc3 e4 25. f4 Nd3 26. Nd4 Ng4 27. Ncb5 Bxd4 28. Nxd4 h3 29. g3 Qg7 30. a3 Qf6 31. Ra1 Qg7 32. Rab1 Bd7 33. Nc2 Nxe3 34. Qxe3 a4 35. bxa4 Nc5 36. Nd4 Nxa4 37. Kh1 Nc5 38. Rg1 1/2-1/2

[Event "OP-2016-0-04141"]
[Site "LSS email"]
[Date "2016.08.28"]
[Round "?"]
[White "Vergara Rodriguez, Jose Antonio"]
[Black "Molina, Vicente Andres"]
[Result "1-0"]
[WhiteElo "1918"]
[BlackElo "695"]
[PlyCount "57"]
[EventDate "2016.08.24"]
[EventType "tourn (corr)"]
[EventRounds "4"]
[EventCountry "GER"]
[SourceTitle "Corr 2022"]
[Source "ChessBase"]
[SourceDate "2021.10.24"]
[SourceVersion "1"]
[SourceVersionDate "2021.10.24"]
[SourceQuality "1"]

1. e4 c5 2. Nf3 d6 3. d4 cxd4 4. Nxd4 Nf6 5. Nc3 a6 6. f3 g6 7. Be3 Bg7 8. Qd2 0-0 9. 0-0-0 b5 10. h4 Bd7 11. g4 Nc6 12. Nxc6 Bxc6 13. h5 b4 14. Nd5 Bxd5 15. exd5 Qa5 16. Kb1 Rfc8 17. hxg6 fxg6 18. g5 Nd7 19. Bh3 Rc7 20. Be6+ Kf8 21. Qh2 Ke8 22. Qxh7 Bf8 23. Qf7+ Kd8 24. Rh8 Rxc2 25. Rxf8+ Kc7 26. Rxa8 Rxb2+ 27. Kxb2 Qa3+ 28. Kb1 b3 29. Ra7+ 1-0

[Event "OP-2016-0-04140"]
[Site "LSS email"]
[Date "2016.08.27"]
[Round "?"]
[White "Vergara Rodriguez, Jose Antonio"]
[Black "Osipov, Anatoly Vladimirovi"]
[Result "0-1"]
[WhiteElo "1918"]
[BlackElo "2324"]
[PlyCount "104"]
[EventDate "2016.08.23"]
[EventType "tourn (corr)"]
[EventRounds "4"]
[EventCountry "GER"]
[SourceTitle "Corr 2022"]
[Source "ChessBase"]
[SourceDate "2021.10.24"]
[SourceVersion "1"]
[SourceVersionDate "2021.10.24"]
[SourceQuality "1"]

1. e4 c5 2. Nf3 d6 3. d4 cxd4 4. Nxd4 Nf6 5. Nc3 a6 6. f3 e5 7. Nb3 Be6 8. Be3 h5 9. Nd5 Bxd5 10. exd5 Nbd7 11. Qd2 g6 12. Be2 Bg7 13. 0-0 b6 14. c4 0-0 15. Rae1 Re8 16. h3 Qc7 17. Rc1 a5 18. Qc2 Rac8 19. Bd3 h4 20. Bg5 Nh5 21. Bxh4 Nf4 22. Rfd1 Bh6 23. Nd2 f5 24. Bf2 Qd8 25. Bf1 Kh7 26. Nb1 e4 27. fxe4 fxe4 28. Nc3 Qg5 29. Kh2 e3 30. Bg3 Nh5 31. Be1 Rf8 32. Be2 Qe5+ 33. Kh1 Nc5 34. Bf3 Rxf3 35. gxf3 Re8 36. Ne2 Qf6 37. Kg2 Rf8 38. Rd4 Qxf3+ 39. Kh2 Bg7 40. Rg4 Be5+ 41. Ng3 Nf4 42. Rxf4 Qxf4 43. Qg2 Nd3 44. Rd1 Nxb2 45. Rb1 Nd3 46. Rd1 Nxe1 47. Rxe1 Qd4 48. Re2 Rf2 49. Rxf2 exf2 50. Qf3 Qf4 51. Qxf4 Bxf4 52. Kg2 Bxg3 0-1

[Event "OP-2016-0-04117"]
[Site "LSS email"]
[Date "2016.08.06"]
[Round "?"]
[White "Martinez, Mari"]
[Black "Vergara Rodriguez, Jose Antonio"]
[Result "0-1"]
[WhiteElo "1484"]
[BlackElo "1907"]
[PlyCount "40"]
[EventDate "2016.08.01"]
[EventType "tourn (corr)"]
[EventRounds "4"]
[EventCountry "GER"]
[SourceTitle "Corr 2022"]
[Source "ChessBase"]
[SourceDate "2021.10.24"]
[SourceVersion "1"]
[SourceVersionDate "2021.10.24"]
[SourceQuality "1"]

1. e4 c5 2. Nf3 d6 3. d4 cxd4 4. Nxd4 Nf6 5. Nc3 a6 6. Bg5 e6 7. Qf3 Nbd7 8. 0-0-0 Qc7 9. Qg3 b5 10. a3 Rb8 11. Re1 Be7 12. Be2 b4 13. axb4 Rxb4 14. Nb3 Bb7 15. Nd2 Nc5 16. Bf3 0-0 17. Bh6 Ne8 18. Bf4 Qa5 19. Kb1 Bf6 20. e5 dxe5 0-1

[Event "OP-2016-0-04117"]
[Site "LSS email"]
[Date "2016.08.06"]
[Round "?"]
[White "Vergara Rodriguez, Jose Antonio"]
[Black "Czaban, Tomasz"]
[Result "1-0"]
[WhiteElo "1907"]
[BlackElo "799"]
[PlyCount "37"]
[EventDate "2016.08.01"]
[EventType "tourn (corr)"]
[EventRounds "4"]
[EventCountry "GER"]
[SourceTitle "Corr 2022"]
[Source "ChessBase"]
[SourceDate "2021.10.24"]
[SourceVersion "1"]
[SourceVersionDate "2021.10.24"]
[SourceQuality "1"]

1. e4 e6 2. d4 d5 3. Nc3 dxe4 4. Nxe4 Be7 5. Nf3 Nf6 6. Bd3 Nc6 7. 0-0 0-0 8. c3 a6 9. Nxf6+ Bxf6 10. Re1 Re8 11. Bf4 h6 12. Qe2 Bd7 13. Qe4 Rb8 14. Qh7+ Kf8 15. d5 e5 16. dxc6 Bxc6 17. Qh8+ Ke7 18. Nxe5 Bxe5 19. Rxe5+ 1-0

[Event "OP-2016-0-04113"]
[Site "LSS email"]
[Date "2016.08.02"]
[Round "?"]
[White "Perez Garcia, Miguel"]
[Black "Vergara Rodriguez, Jose Antonio"]
[Result "1/2-1/2"]
[WhiteElo "1508"]
[BlackElo "1907"]
[PlyCount "142"]
[EventDate "2016.07.28"]
[EventType "tourn (corr)"]
[EventRounds "4"]
[EventCountry "GER"]
[SourceTitle "Corr 2022"]
[Source "ChessBase"]
[SourceDate "2021.10.24"]
[SourceVersion "1"]
[SourceVersionDate "2021.10.24"]
[SourceQuality "1"]

1. e4 c5 2. Nf3 d6 3. d4 cxd4 4. Nxd4 Nf6 5. Nc3 a6 6. Bg5 e6 7. Qf3 Nbd7 8. Be2 Qc7 9. 0-0 h6 10. Bd2 b5 11. b4 Bb7 12. a4 bxa4 13. Rxa4 Nb6 14. Raa1 Nc4 15. Bc1 Rc8 16. Qh3 e5 17. Nf5 g6 18. Ng3 Be7 19. b5 axb5 20. Nxb5 Qc5 21. Bg5 Qxb5 22. Rfb1 Qd7 23. Bxf6 Qxh3 24. gxh3 Bxf6 25. Rxb7 0-0 26. Kg2 Kg7 27. Bg4 Rb8 28. Rc7 Nb6 29. Raa7 Bd8 30. Rc6 d5 31. Be6 d4 32. Nf1 Kg8 33. Bb3 Kg7 34. Nd2 Rc8 35. Re6 Rc5 36. Rb7 Nc8 37. Ra6 Rc7 38. Rb5 Bf6 39. Nc4 Re8 40. Raa5 Na7 41. Rc5 Rxc5 42. Rxc5 Rc8 43. Rd5 Nc6 44. Rd7 Rf8 45. Rc7 Nd8 46. Ra7 Nc6 47. Ra6 Nd8 48. Ra5 Nc6 49. Rc5 Nd8 50. Nxe5 Re8 51. f4 Bxe5 52. Rxe5 Rxe5 53. fxe5 Nc6 54. e6 fxe6 55. Bxe6 Kf6 56. Bb3 Ke5 57. Kf3 Nb4 58. h4 Na6 59. Bc4 Nb4 60. Bd3 Nc6 61. Bb5 Nb4 62. Ba4 d3 63. cxd3 Nxd3 64. Bc6 Ne1+ 65. Kg4 Nd3 66. Be8 Nf2+ 67. Kf3 Nxe4 68. Bxg6 Nd6 69. h5 Kf6 70. Kf4 Nc8 71. Be8 Nd6 1/2-1/2